000 00771nam a2200193Ia 4500
003 GCL
008 140319s9999 xx 000 0 ara d
040 _aGCL /
_cGCL
082 0 4 _a021.7
_bب ب \\=aبرايد، سيمونv \\=aابراهيم ابراهيم خليفةv
245 1 0 _aالبريد الالكترونى للمكتبين
260 _aالقاهرة :
_bمركز الاسكندرية للوسائط الثقافية والمكتبات ،
_c1997
300 _a82 ص ؛
_c24 سم
490 _aسلسلة اساليب للمعرفة
_v0
650 0 4 _aنظم المعلومات
650 0 4 _aخدمات المعلومات
650 0 4 _aشبكات المكتبات والمعلومات
650 0 4 _aالبريد الالكترونى
942 _2ddc
_cBK
999 _c51887
_d51887